| 000 | 00954nam a2200241 4500 | ||
|---|---|---|---|
| 001 | 122624 | ||
| 003 | ES-MaACL | ||
| 005 | 20230906192019.0 | ||
| 007 | t| | ||
| 008 | 070214s1969 sp r ||||1| spa d | ||
| 111 | 0 | 0 |
_aCongreso sobre el Desarrollo ( _cViena ( _d1962) _9578 |
| 245 | 1 | 0 |
_aProblemas del desarrollo económico _b: ponencias del Congreso sobre el Desarrollo, de la Asociación Internacional de Economía. [Universidad de Viena, septiembre de 1962] / _crecopilación de E. A. G. Robinson ; [traducción de Mario Estartús]. |
| 260 |
_aBarcelona : _bGustavo Gili, _c1969. |
||
| 300 |
_a2 v. ; _c21 cm. |
||
| 490 | 1 | _aCiencia económica | |
| 700 | 1 |
_aRobinson, E. A. G. _997884 |
|
| 700 | 1 |
_aEstartus, Mario. _9186570 |
|
| 710 | 2 |
_aAsociación Internacional de Economía. _91726 |
|
| 710 | 2 |
_aUniversidad de Viena. _97350 |
|
| 830 | 0 |
_aCiencia económica _9186571 |
|
| 852 |
_aES-MaACL _jC-38608-9 _bR.72441 |
||
| 999 |
_c122624 _d122624 |
||